Learn about information

This book covers knowledge and skills needed by anyone working in a library or other information agency. It contents: nature and uses of information; the information industry ( Libraries ); different library environments; networks...

保存先:
書誌詳細
第一著者: Gosling, Mary
フォーマット: 図書
言語:Undetermined
出版事項: Canberra, Australia DocMatrix 2000
主題:
タグ: タグ追加
タグなし, このレコードへの初めてのタグを付けませんか!
Thư viện lưu trữ: Trung tâm Học liệu Trường Đại học Cần Thơ
LEADER 00801nam a2200205Ia 4500
001 CTU_39599
008 210402s9999 xx 000 0 und d
020 |c 121000 
082 |a 025 
082 |b G676 
100 |a Gosling, Mary 
245 0 |a Learn about information 
245 0 |c Mary Gosling, Elizabwth Hopgood 
260 |a Canberra, Australia 
260 |b DocMatrix 
260 |c 2000 
520 |a This book covers knowledge and skills needed by anyone working in a library or other information agency. It contents: nature and uses of information; the information industry ( Libraries ); different library environments; networks... 
650 |a Information science,Information services,Library science 
904 |i Minh, 001127 
980 |a Trung tâm Học liệu Trường Đại học Cần Thơ